Statistics for Random Flags of Asia Quiz

Click here to take the quiz!

General Stats

  • This quiz has been taken 192 times
  • The average score is 21 of 24

Answer Stats

Answer% Correct
Indonesia
100%
Bangladesh
96%
Cambodia
96%
Qatar
96%
Saudi Arabia
96%
South Korea
96%
China
95%
India
95%
Japan
95%
Nepal
95%
Israel
94%
Bahrain
92%
Bhutan
92%
Kazakhstan
90%
North Korea
90%
Syria
89%
Turkey
89%
Azerbaijan
88%
Iran
88%
Kyrgyzstan
88%
Laos
88%
Pakistan
88%
Cyprus
87%
Malaysia
87%
Thailand
87%
Afghanistan
86%
Georgia
86%
Philippines
86%
Lebanon
85%
Sri Lanka
83%
Iraq
82%
Jordan
82%
Brunei
81%
Maldives
80%
Tajikistan
80%
Vietnam
79%
Taiwan
77%
Myanmar
74%
Turkmenistan
74%
Singapore
72%
Kuwait
71%
Mongolia
71%
United Arab Emirates
71%
Uzbekistan
71%
East Timor
70%
Oman
70%
Armenia
69%
Yemen
68%

Score Distribution

Percentile by Number Answered

Percent of People with Each Score

Your Score History

You have not taken this quiz